[Event "Southcoast Autumn F"]
[Site "Greve"]
[Date "1999.10.22"]
[Round "1"]
[White "Skovgaard, Peter2222"]
[Black "Gjerluff, Finn"]
[Result "1-0"]
[WhiteElo "1027"]
[BlackElo "1218"]
[PlyCount "97"]
[EventDate "1999.10.22"]
[EventType "tourn"]
[EventRounds "5"]
[EventCountry "DEN"]
[SourceTitle "EXT 2023"]
[Source "ChessBase"]
[SourceDate "2022.10.05"]
[SourceVersion "1"]
[SourceVersionDate "2022.10.05"]
[SourceQuality "1"]

1. e4 d5 2. exd5 Qxd5 3. Nc3 Qa5 4. g3 Bf5 5. d3 Nf6 6. Bg2 c6 7. Nf3 e6 8. 0-0 Nbd7 9. Re1 Bd6 10. Bd2 Qc7 11. Ne4 0-0-0 12. Nxd6+ Qxd6 13. Ng5 Ne5 14. Bf4 Bg4 15. Bxe5 Bxd1 16. Bxd6 Rxd6 17. Nxf7 Bxc2 18. Nxd6+ Kc7 19. Ne4 Bxd3 20. Nxf6 gxf6 21. Rxe6 Rf8 22. Re7+ Kb6 23. Rxh7 Bxh7 24. Re1 a5 25. h4 Bg8 26. a3 Ka6 27. f4 Rd8 28. Re2 Bb3 29. Bf1 b5 30. Rh2 Rd1 31. h5 Bc4 32. Rf2 Bg8 33. h6 Bh7 34. g4 Kb6 35. g5 Rd6 36. Re2 fxg5 37. fxg5 Rg6 38. Rg2 Rd6 39. Be2 Kc5 40. Bh5 Be4 41. Rg3 Rd1+ 42. Kf2 Rd2+ 43. Ke3 Rd3+ 44. Kxe4 Rxg3 45. h7 Rxg5 46. h8Q Rd5 47. Bf7 Kc4 48. Bxd5+ cxd5+ 49. Ke3 1-0